000 00447nam a22001697a 4500
999 _c5323
_d5323
003 OSt
005 20190102202649.0
008 190102b ||||| |||| 00| 0 eng d
040 _cDLC
082 _a286
_bR658P
100 _aRobinson, Charles E.
245 _aA Pastor's Diary /
_cBy Charles E.Robinson.
260 _aMissouri, USA :
_bThe Gospel Publishing House,
300 _a93 p.:
650 _aA Pastor's Diary
_xTestimony
942 _2ddc
_cBK